000 01376nam a2200241Ia 4500
003 Ost
005 20260507075649.0
008 260507s9999||||xx |||||||||||||| ||und||
020 _a5424287977
040 _cfsecg
041 _aara
082 _a5.4476
100 _aعناني، عمرو
_eمؤلف
245 0 _aإحتراف إدارة الشبكات باستخدام الخادم Microsoft windows server 2003 /
_c عمرو عناني
260 _aالقاهرة:
_bدار الكتب العلمية للنشر والتوزيع,
_c2004
300 _a384 صفحة؛
_bإيضاحات ؛
_c24 سم
520 _aنظرة عامة- إدارة الخوادم- مراقبة العمليات والخدمات والاحداث- أتمتة الإجراءات والسياسات والمهام الإدارية- التعامل مع خدمات التدعيم وسطح المكتب البعيد- استخدام الدليل النشط- أساس إدارة الدليل النشط- ماهية حسابات المجموعة وحسابات المستخدمين- انشاء حسابات المستخدمين وحسابات المجموعات- إدارة حسابات المستخدمين والمجموعات.
653 _aالإعلام الألي
653 _aالبرمجيات
653 _aالحاسوب
653 _aMicrosoft windows server 2003
942 _cكتاب
999 _c45562
_d45562